| 000 | 00412nam a2200145 i 4500 | ||
|---|---|---|---|
| 001 | bg | ||
| 100 | 1 | _aLEWINOWSKI, Czesław | |
| 245 | 0 |
_aOgólne zasady projektowania robót ziemnych, dróg samochodowych i kolejowych / _cCz. Lewimowski, S. Zimnoch. |
|
| 260 |
_aWarszawa, _c1987. |
||
| 700 | 1 | _aZIMNOCH, Stanisław | |
| 040 | _cBPK | ||
| 041 | _apol | ||
| 942 | _cKS | ||
| 008 | s pl f |000 0 pol | ||
| 999 |
_c3444 _d3444 |
||
| 856 |
_uhttp://koha.tu.koszalin.pl/cgi-bin/koha/opac-detail.pl?biblionumber=3444 _yKatalog online BPK |
||